000 01221nam a22003257a 4500
003 CHAP
005 20220901154022.0
008 110819s1976 mx r 00010 spa d
010 _a101886
011 _a102858
035 _a113547
040 _cCHAP
082 0 0 _a627.8
_bG76 1976
111 2 _aCongrés International des Grands Barrages (
_n12 :
_d1976 :
_cMéxico, D.F.)
_927173
245 1 0 _aDouziéme congrés international des grands barrages = Twelfth International Congress on Large Dams
_c/por Congrés International des Grands Barrages
260 _aParis :
_bCongrés international des grands barrages,
_c1976
300 _a5 v. :
_bilus.
500 _aBilingue (Francés e Inglés)
505 0 _aLa biblioteca tiene: v.1 y v.2
590 _aBATCH-UPD
_b10
_c20130110
590 _aBATCH-UPD
_b10
_c20130410
590 _aBATCH-UPD
_b10
_c20130914
590 _aCONVERSION
_b10
_c20130109
650 1 4 _aIngeniería hidráulica
_xProyectos y planos.
_958253
650 1 4 _aPresas.
_991480
901 _aBK
942 _cLIBRO
_2ddc
949 _a627.8 C76 1976
_bBC
_cLIBRO
_d33724002304454
_eCONG
_fv.2
_h115651
_i113547
_sb
949 _a627.8 C76 1976
_bBC
_cLIBRO
_d33724002304538
_eCONG
_fv.1
_h115650
_i113547
_sb
999 _c101886
_d101886